La trayectoria hacia la realización latinoamericana de las instituciones educativas metodistas (Registro nro. 30233)

Detalles MARC
000 -LEADER
fixed length control field 00366 a2200109 4500
001 - CONTROL NUMBER
control field ART_27800
005 - DATE AND TIME OF LATEST TRANSACTION
control field 20260410161949.0
008 - FIXED-LENGTH DATA ELEMENTS--GENERAL INFORMATION
fixed length control field 260409a
100 1# - MAIN ENTRY--PERSONAL NAME
Personal name Ortega, Hugo O.
245 10 - TITLE STATEMENT
Title La trayectoria hacia la realización latinoamericana de las instituciones educativas metodistas
773 0# - HOST ITEM ENTRY
Title Invenio
Related parts - Año 1, Nº 2 (nov. 1998)
Record control number REV27781

No hay ítems disponibles.